000 00450nam a2200145 i 4500
001 93177
003 ES-MaACL
007 t|
008 050408s1984 sp ||||1| spa d
100 1 _aLombardía, Pedro.
_973191
245 1 0 _aLecciones de derecho canónico
_b: introducción, derecho constitucional, parte general /
_cPedro Lombardia.
260 _aMadrid :
_bTecnos,
_c1984.
300 _a171 p. ;
_c24 cm.
852 _aES-MaACL
_jL-6340
_bR.107120
999 _c93177
_d93177